Lehoty, doby a spory v pracovnoprávnych vzťahoch

Všeobecne uplatňovanou právnou skutočnosťou, ktorá má výrazný význam aj z hľadiska vzniku a zániku práv a povinností účastníkov pracovnoprávnych vzťahov je plynutie času. Pre tieto účely je nevyhnutné rozlišovať obsahovú náplň pojmov "lehota" a "doba".

Na minha lista:
Detalhes bibliográficos
Autor principal: Mintál, Ján
Formato: Capítulo de Livro
Idioma:eslovaco
Assuntos:
Tags: Adicionar Tag
Sem tags, seja o primeiro a adicionar uma tag!

MARC

LEADER 00000naa a2200000 4500
001 0296809
005 20240417075250.9
041 0 |a slo 
044 |a SK 
245 1 0 |a Lehoty, doby a spory v pracovnoprávnych vzťahoch  |c Ján Mintál 
520 |a Všeobecne uplatňovanou právnou skutočnosťou, ktorá má výrazný význam aj z hľadiska vzniku a zániku práv a povinností účastníkov pracovnoprávnych vzťahov je plynutie času. Pre tieto účely je nevyhnutné rozlišovať obsahovú náplň pojmov "lehota" a "doba". 
610 2 0 |a vzťahy pracovnoprávne 
610 2 0 |a právo pracovné 
610 2 0 |a zamestnanci 
610 2 0 |a zamestnávatelia 
610 2 0 |a pomer pracovný 
610 2 0 |a výpoveď 
610 2 0 |a skončenie pomeru pracovného 
610 2 0 |a spory pracovné 
610 2 0 |a zákonník práce 
100 1 |a Mintál, Ján